| 000 | 00618cam a2200205 a 4500 | ||
|---|---|---|---|
| 001 | C01057467c-0 | ||
| 003 | CO-ViMGA | ||
| 005 | 20230915224040.0 | ||
| 008 | 020910s2002 ck r 00011aspa d | ||
| 020 | _a9580470162 | ||
| 040 |
_aCO-ViMGA _bspa _cCO-ViMGA |
||
| 043 | _as-ck--- | ||
| 082 | 0 | 4 |
_a920 _bG17v1 |
| 100 | 1 |
_aGarcía Márquez, Gabriel, _d1927-2014 _91 |
|
| 245 | 1 | 0 |
_aVivir para contarla / _cGabriel García Márquez. |
| 260 |
_aBogotá : _bEditorial Norma, _c2002. |
||
| 300 |
_a579 p ; _c24 cm. |
||
| 600 | 1 | 6 |
_aGarcía Márquez, Gabriel, _d1927-2014 _v Autobiografías. _911069 |
| 942 |
_2ddc _cBK |
||
| 999 |
_c11217 _d11217 |
||